Úloha strategického riadenia

Strategické riadenie vo verejnej správe, koncepcia a analýzy. Vyjadrenie pomeru ambícií a cieľov s orientáciou na ich dosiahnutie. Rozdelenie plánovaného procesu strategického manažmentu vo VS. Stratégia ako spôsob, ktorým organizácia realizuje svoje poslanie a víziu.

Guardado en:
Detalles Bibliográficos
Autor principal: Šukalová, Viera
Formato: Capítulo de libro
Lenguaje:eslovaco
Materias:
Etiquetas: Agregar Etiqueta
Sin Etiquetas, Sea el primero en etiquetar este registro!

MARC

LEADER 00000naa a2200000 4500
001 0128085
005 20231120115107.5
041 0 |a slo 
044 |a SK 
245 1 0 |a Úloha strategického riadenia  |c Viera Šukalová 
520 |a Strategické riadenie vo verejnej správe, koncepcia a analýzy. Vyjadrenie pomeru ambícií a cieľov s orientáciou na ich dosiahnutie. Rozdelenie plánovaného procesu strategického manažmentu vo VS. Stratégia ako spôsob, ktorým organizácia realizuje svoje poslanie a víziu. 
610 2 0 |a správa verejná 
610 2 0 |a samospráva 
610 2 0 |a politika verejná 
610 2 0 |a politika komunálna 
610 2 0 |a rozvoj regionálny 
610 2 0 |a marketing mestský 
610 2 0 |a manažment strategický 
610 2 0 |a brainstorming 
610 2 0 |a analýza swot 
100 1 |a Šukalová, Viera